| 000 | 00917pam a2200277 a 4500 | ||
|---|---|---|---|
| 999 |
_c531442 _d531442 |
||
| 001 | 3469536 | ||
| 003 | NUST | ||
| 005 | 20191016123652.0 | ||
| 008 | 930625s1994 nyua 001 0 eng | ||
| 010 | _a 93026716 | ||
| 020 | _a0023255021 | ||
| 038 | _awaseem | ||
| 040 |
_aDLC _cDLC _dDLC |
||
| 050 | 0 | 0 |
_aCB69 _b.H45 1994 |
| 082 | 0 | 0 |
_a909 _bCRA |
| 245 | 0 | 4 |
_aThe Heritage of world civilizations / _cAlbert M. Craig ... [et al.]. |
| 250 | _a3rd ed. | ||
| 260 |
_aNew York : _bMacmillan College Pub. Co., _cc1994. |
||
| 300 |
_axxxi, 1239, 27 p. : _bill. (some col.) ; _c26 cm. |
||
| 500 | _aIncludes index. | ||
| 650 | 0 |
_aCivilization _xHistory _vTextbooks. _924131 |
|
| 700 | 1 |
_aCraig, Albert M. _924132 |
|
| 906 |
_a7 _bcbc _corignew _d1 _eocip _f19 _gy-gencatlg |
||
| 942 |
_2ddc _cBK |
||